| 000 | 00743nam a2200217 a 4500 | ||
|---|---|---|---|
| 005 | 20240924071512.0 | ||
| 008 | 030922s1998 mx r 000 0 spa d | ||
| 020 | _a9501630846 | ||
| 035 | _aUPN01000129056 | ||
| 049 | _aCG | ||
| 050 | 4 |
_aLB2157 _bP4.3 |
|
| 100 | 1 | _aPelletier, Carol Marra | |
| 245 | 1 | 0 |
_aFormación de docentes practicantes : _bmanual de técnicas y estrategias / _cCarol Marra Pelletier ; tr. Inés Frid. |
| 260 |
_aBuenos Aires : _bTroquel, _c1998. |
||
| 300 | _a271 p. | ||
| 534 |
_pTítulo original: _tA handbook of techniques and strategies for teaching student teachrs |
||
| 650 | 4 |
_aPrácticas de la enseñanza _92849 |
|
| 650 | 4 |
_aMaestros _xFormación profesional _9804 |
|
| 905 | _aLibro | ||
| 999 |
_c101229 _d101229 |
||